=LDR 00000nam 2200000 4500 =001 000917 =005 20250712123904 =035 ##$$a 0010-0725000795 =007 ta =008 250712################a##########0#ind## =020 ##$$a 978-623-307-265-6 =082 ##$$a 398. 209 598 =084 ##$$a 398. 209 598 DAL n =100 #$$a Dalvi, Gauri =245 1#$$a Nenekku Punya Ekor /$c Gauri Dalvi =250 ##$$a Cetakan Pertama =260 ##$$a Jakarta Timur :$b Badan Pengembangan dan Pembinaan Bahasa,$c 2024 =300 ##$$a 14 hlm. : $b Ilus. ; $c 21 cm =650 #4$$a Cerita anak Indonesia-Terjemahan =650 #4$$a Literasi-Bahan Bacaan =856 ##$$a TBM As-Suhada =990 ##$$a TBM202400627